| 000 -LEADER |
| fixed length control field |
03082cam a2200349 i 4500 |
| 001 - CONTROL NUMBER |
| control field |
17375754 |
| 003 - CONTROL NUMBER IDENTIFIER |
| control field |
Nust- CAS-E |
| 005 - DATE AND TIME OF LATEST TRANSACTION |
| control field |
20180118181401.0 |
| 008 - FIXED-LENGTH DATA ELEMENTS--GENERAL INFORMATION |
| fixed length control field |
120706s2013 enka b 000 0 eng |
| 010 ## - LIBRARY OF CONGRESS CONTROL NUMBER |
| LC control number |
2012018942 |
| 020 ## - INTERNATIONAL STANDARD BOOK NUMBER |
| International Standard Book Number |
9780415639828 |
| 020 ## - INTERNATIONAL STANDARD BOOK NUMBER |
| International Standard Book Number |
9780203081402 |
| 040 ## - CATALOGING SOURCE |
| Original cataloging agency |
DLC |
| Language of cataloging |
eng |
| Transcribing agency |
DLC |
| Description conventions |
rda |
| Modifying agency |
DLC |
| 042 ## - AUTHENTICATION CODE |
| Authentication code |
pcc |
| 050 00 - LIBRARY OF CONGRESS CALL NUMBER |
| Classification number |
TK1087 |
| Item number |
.E546 2013 |
| 082 00 - DEWEY DECIMAL CLASSIFICATION NUMBER |
| Classification number |
621.31/244 |
| Edition number |
23 |
| Author Mark |
ENE 2013 |
| 084 ## - OTHER CLASSIFICATION NUMBER |
| Classification number |
TEC031000 |
| -- |
TEC031010 |
| Number source |
bisacsh |
| 245 00 - TITLE STATEMENT |
| Title |
Energy from the desert. |
| Name of part/section of a work |
CAS-EVery large scale photovoltaic power--state of the art and into the future / |
| Statement of responsibility, etc. |
edited by Keiichi Komoto, Christian Breyer, Edwin Cunow, Karim Megherbi, David Faiman, Peter van der Vleuten. |
| 260 ## - PUBLICATION, DISTRIBUTION, ETC. |
| Date of publication, distribution, etc. |
c2013 |
| 300 ## - PHYSICAL DESCRIPTION |
| Extent |
xiv, 225 pages : |
| Other physical details |
color illustrations ; |
| Dimensions |
31 cm |
| 504 ## - BIBLIOGRAPHY, ETC. NOTE |
| Bibliography, etc. note |
Includes bibliographical references. |
| 520 ## - SUMMARY, ETC. |
| Summary, etc. |
"This 4th volume in the established Energy From The Desert series examines and evaluates the potential and feasibility of Very Large Scale Photovoltaic Power Generation (VLS-PV) systems, which have capacities ranging from several megawatts to gigawatts, and to develop practical project proposals toward implementing the VLS-PV systems in the future. Comprehensively analysing all major issues involved in such large scale applications, based on the latest scientific and technological developments and by means of close international co-operation with experts from different countries. From the perspective of the global energy situation, global warming, and other environmental issues, it is apparent that VLS-PV systems can: contribute substantially to global energy needs; become economically and technologically feasible soon; contribute significantly to the global environment protection; contribute significantly to socio-economic development. Energy policies around the world are gradually changing direction to focus less on nuclear energy with the expectation to turn to denuclearization entirely with the negative impacts of nuclear energy, while in parallel the importance of and expectations for renewable energy technologies are increasing drastically as possible energy infrastructure, as well as environmental friendly technology. This book recognises that very large scale solar electricity generation provides economic, social and environmental benefits, security of electricity supply and fair access to affordable and sustainable energy solutions and that VLS-PV systems must be one of the promising options for large-scale deployment of PV systems and renewable energy technologies"-- |
| 650 #0 - SUBJECT ADDED ENTRY--TOPICAL TERM |
| Topical term or geographic name entry element |
Photovoltaic power generation. |
| 650 #0 - SUBJECT ADDED ENTRY--TOPICAL TERM |
| Topical term or geographic name entry element |
Photovoltaic power systems. |
| 650 #0 - SUBJECT ADDED ENTRY--TOPICAL TERM |
| Topical term or geographic name entry element |
Desert resources development. |
| 650 #7 - SUBJECT ADDED ENTRY--TOPICAL TERM |
| Topical term or geographic name entry element |
TECHNOLOGY & ENGINEERING / Power Resources / General. |
| Source of heading or term |
bisacsh |
| 650 #7 - SUBJECT ADDED ENTRY--TOPICAL TERM |
| Topical term or geographic name entry element |
TECHNOLOGY & ENGINEERING / Power Resources / Alternative & Renewable. |
| Source of heading or term |
bisacsh |
| 700 1# - ADDED ENTRY--PERSONAL NAME |
| Personal name |
Komoto, Keiichi. |
| 906 ## - LOCAL DATA ELEMENT F, LDF (RLIN) |
| a |
7 |
| b |
cbc |
| c |
orignew |
| d |
1 |
| e |
ecip |
| f |
20 |
| g |
y-gencatlg |
| 942 ## - ADDED ENTRY ELEMENTS (KOHA) |
| Source of classification or shelving scheme |
|
| Koha item type |
Book |